[Event "WCO 2016"]
[Site "?"]
[Date "2016.09.09"]
[Round "7"]
[Board "16"]
[WhiteID "3003191"]
[White "Perez Cecilia Manuela"]
[BlackID "2501171"]
[Black "Ui Laighleis Gearoidin"]
[Result "0-1"]
[BlackElo "1795"]
[WhiteElo "1621"]
[LiveChessVersion "1.4.8"]

1. Nf3 {[%clk 1:30:24]} Nf6 {[%clk 1:30:49]} 2. d4 {[%clk 1:30:04]} e6
{[%clk 1:30:51]} 3. e3 {[%clk 1:29:27]} b6 {[%clk 1:26:15]} 4. Bd3
{[%clk 1:25:50]} Bb7 {[%clk 1:23:26]} 5. Nbd2 {[%clk 1:24:53]} d5
{[%clk 1:22:44]} 6. b3 {[%clk 1:21:46]} Be7 {[%clk 1:19:07]} 7. Bb2
{[%clk 1:20:12]} O-O {[%clk 1:18:41]} 8. O-O {[%clk 1:19:17]} Nbd7
{[%clk 1:17:55]} 9. Ne5 {[%clk 1:15:38]} Rc8 {[%clk 1:07:22]} 10. f4
{[%clk 1:11:48]} Re8 {[%clk 1:06:18]} 11. Rf3 {[%clk 1:05:17]} Nf8
{[%clk 0:58:59]} 12. Rh3 {[%clk 1:02:08]} Ne4 {[%clk 0:57:58]} 13. Bxe4
{[%clk 0:54:07]} dxe4 {[%clk 0:57:51]} 14. Ndc4 {[%clk 0:45:38]} c5
{[%clk 0:48:53]} 15. Qh5 {[%clk 0:40:11]} g6 {[%clk 0:46:21]} 16. Rg3
{[%clk 0:33:57]} Bf6 {[%clk 0:39:37]} 17. Qh3 {[%clk 0:33:45]} Bd5
{[%clk 0:29:14]} 18. dxc5 {[%clk 0:27:09]} Bxc4 {[%clk 0:28:00]} 19. Nxc4
{[%clk 0:25:07]} Bxb2 {[%clk 0:27:12]} 20. Nxb2 {[%clk 0:25:36]} Rxc5
{[%clk 0:26:04]} 21. c4 {[%clk 0:21:49]} Qd2 {[%clk 0:20:36]} 22. Na4
{[%clk 0:20:53]} Rcc8 {[%clk 0:20:24]} 23. f5 {[%clk 0:16:30]} exf5
{[%clk 0:14:17]} 24. Qxf5 {[%clk 0:16:44]} Qc2 {[%clk 0:12:48]} 25. Rf1
{[%clk 0:14:30]} Rc7 {[%clk 0:12:39]} 26. Qf2 {[%clk 0:11:02]} Qxf2+
{[%clk 0:11:57]} 27. Rxf2 {[%clk 0:10:42]} Rd7 {[%clk 0:10:52]} 28. Nc3
{[%clk 0:11:02]} Rd3 {[%clk 0:09:26]} 29. Nd5 {[%clk 0:11:08]} Rd1+
{[%clk 0:09:31]} 30. Rf1 {[%clk 0:11:33]} Rxf1+ {[%clk 0:09:43]} 31. Kxf1
{[%clk 0:12:02]} Re6 {[%clk 0:08:55]} 32. Rg4 {[%clk 0:10:00]} f5
{[%clk 0:08:44]} 33. Rf4 {[%clk 0:10:11]} Nd7 {[%clk 0:08:14]} 34. g4
{[%clk 0:09:31]} fxg4 {[%clk 0:08:23]} 35. Rxg4 {[%clk 0:09:46]} Kg7
{[%clk 0:05:19]} 36. Rf4 {[%clk 0:08:06]} Nc5 {[%clk 0:04:19]} 37. Nc3
{[%clk 0:07:03]} Nd3 {[%clk 0:03:29]} 38. Rxe4 {[%clk 0:06:37]} Rxe4
{[%clk 0:01:52]} 39. Nxe4 {[%clk 0:07:04]} Ne5 {[%clk 0:02:05]} 40. Ke2
{[%clk 0:36:56]} h6 {[%clk 0:32:17]} 41. Nd6 {[%clk 0:30:07]} a5 {[%clk 0:31:02]}
42. Nc8 {[%clk 0:29:58]} Nd7 {[%clk 0:31:18]} 43. Kd3 {[%clk 0:30:10]} Kf6
{[%clk 0:30:51]} 44. Kd4 {[%clk 0:30:21]} Ke6 {[%clk 0:30:13]} 45. h4
{[%clk 0:25:28]} g5 {[%clk 0:24:16]} 46. hxg5 {[%clk 0:24:50]} hxg5
{[%clk 0:24:41]} 47. Ke4 {[%clk 0:25:01]} Kf6 {[%clk 0:22:05]} 48. Kf3
{[%clk 0:23:29]} Ne5+ {[%clk 0:18:34]} 49. Kg3 Nd7 {[%clk 0:17:03]} 50. e4
{[%clk 0:19:47]} Kg6 {[%clk 0:13:25]} 51. e5 {[%clk 0:18:49]} Kf5
{[%clk 0:13:13]} 52. a3 {[%clk 0:18:05]} Kxe5 {[%clk 0:13:10]} 53. Kg4
{[%clk 0:18:05]} Kf6 {[%clk 0:13:15]} 54. Nxb6 {[%clk 0:16:46]} Nxb6
{[%clk 0:12:11]} 55. c5 {[%clk 0:15:38]} Nd5 {[%clk 0:12:29]} 56. c6
{[%clk 0:15:25]} Nc7 {[%clk 0:12:34]} 57. b4 {[%clk 0:15:12]} axb4
{[%clk 0:12:52]} 58. axb4 {[%clk 0:15:40]} Kg6 {[%clk 0:13:06]} 59. Kf3
{[%clk 0:13:50]} Kf5 {[%clk 0:13:17]} 60. Kg3 {[%clk 0:14:01]} g4
{[%clk 0:12:28]} 61. Kg2 {[%clk 0:09:05]} Ke5 0-1

[Event "WCO 2016"]
[Site "?"]
[Date "2016.09.09"]
[Round "7"]
[Board "17"]
[WhiteID "7400446"]
[White "Richards Deborah"]
[BlackID "5600502"]
[Black "Caruana Pulpan Oana"]
[Result "1-0"]
[BlackElo "1894"]
[WhiteElo "2023"]
[LiveChessVersion "1.4.8"]

1. Nf3 {[%clk 1:30:53]} f5 {[%clk 1:30:57]} 2. d4 {[%clk 1:31:14]} Nf6
{[%clk 1:31:24]} 3. Bg5 {[%clk 1:31:32]} d5 {[%clk 1:31:43]} 4. e3
{[%clk 1:30:25]} e6 {[%clk 1:31:54]} 5. Nbd2 {[%clk 1:30:07]} Be7
{[%clk 1:32:11]} 6. Ne5 {[%clk 1:26:00]} O-O {[%clk 1:31:50]} 7. Ndf3
{[%clk 1:25:46]} Nbd7 {[%clk 1:29:24]} 8. Bd3 {[%clk 1:25:50]} c5
{[%clk 1:29:07]} 9. c3 {[%clk 1:22:38]} Qc7 {[%clk 1:26:10]} 10. O-O
{[%clk 1:13:24]} Bd6 {[%clk 1:25:48]} 11. Bf4 {[%clk 1:09:56]} Ne4
{[%clk 1:23:24]} 12. Nxd7 {[%clk 1:07:11]} Bxd7 {[%clk 1:23:19]} 13. Bxd6
{[%clk 1:05:57]} Nxd6 {[%clk 1:22:58]} 14. Ne5 {[%clk 1:00:01]} Rad8
{[%clk 1:08:29]} 15. Qe2 {[%clk 0:48:48]} Rf6 {[%clk 1:03:36]} 16. Rac1
{[%clk 0:44:43]} c4 {[%clk 0:55:28]} 17. Bb1 {[%clk 0:45:03]} Rdf8
{[%clk 0:55:14]} 18. f3 {[%clk 0:39:26]} Be8 {[%clk 0:47:05]} 19. Rce1
{[%clk 0:26:05]} g5 {[%clk 0:37:24]} 20. e4 {[%clk 0:19:47]} fxe4
{[%clk 0:36:14]} 21. fxe4 {[%clk 0:20:10]} Qg7 {[%clk 0:33:53]} 22. Rxf6
{[%clk 0:18:11]} Rxf6 {[%clk 0:33:02]} 23. Ng4 {[%clk 0:18:21]} Rf8
{[%clk 0:31:34]} 24. exd5 {[%clk 0:18:29]} Bg6 {[%clk 0:06:16]} 25. Bxg6
{[%clk 0:16:47]} Qxg6 {[%clk 0:06:30]} 26. dxe6 {[%clk 0:16:12]} h5
{[%clk 0:05:48]} 27. e7 {[%clk 0:11:02]} Re8 {[%clk 0:02:56]} 28. Ne5
{[%clk 0:10:32]} Qe6 {[%clk 0:00:59]} 29. Qxh5 {[%clk 0:08:53]} Qxe7
{[%clk 0:01:04]} 30. Qg6+ {[%clk 0:08:25]} Kf8 {[%clk 0:00:51]} 31. Rf1+
{[%clk 0:08:36]} Nf7 {[%clk 0:01:19]} 32. Rxf7+ {[%clk 0:08:51]} 1-0

[Event "WCO 2016"]
[Site "?"]
[Date "2016.09.09"]
[Round "7"]
[Board "18"]
[WhiteID "5600464"]
[White "Thornton Filipina"]
[BlackID "7400411"]
[Black "Barrett Ariel"]
[Result "1/2-1/2"]
[BlackElo "1763"]
[WhiteElo "1737"]
[LiveChessVersion "1.4.8"]

1. d4 {[%clk 1:30:51]} d5 {[%clk 1:30:55]} 2. c4 {[%clk 1:31:18]} c6
{[%clk 1:31:22]} 3. Nc3 {[%clk 1:31:41]} dxc4 {[%clk 1:31:46]} 4. a4
{[%clk 1:31:07]} e5 {[%clk 1:32:11]} 5. dxe5 {[%clk 1:24:17]} Qxd1+
{[%clk 1:28:15]} 6. Nxd1 {[%clk 1:24:24]} Na6 {[%clk 1:28:40]} 7. Nc3
{[%clk 1:23:49]} Be6 {[%clk 1:27:09]} 8. Nf3 {[%clk 1:23:34]} Nb4
{[%clk 1:15:23]} 9. Rb1 {[%clk 1:20:47]} O-O-O {[%clk 1:12:56]} 10. Bd2
{[%clk 1:16:29]} h6 {[%clk 0:49:21]} 11. Rc1 {[%clk 1:08:31]} g5 {[%clk 0:38:38]}
12. h3 {[%clk 1:07:05]} Ne7 {[%clk 0:29:34]} 13. Ne4 {[%clk 1:02:24]} Ng6
{[%clk 0:27:03]} 14. Nd6+ Bxd6 {[%clk 0:27:03]} 15. exd6 a5 {[%clk 0:27:03]} 16.
Bxb4 axb4 {[%clk 0:27:03]} 17. e3 Rxd6 {[%clk 0:27:03]} 18. Bxc4 Bxc4
{[%clk 0:27:03]} 19. Rxc4 Rhd8 {[%clk 0:27:03]} 20. O-O b3 {[%clk 0:27:03]} 21.
Rfc1 Rd1+ {[%clk 0:27:03]} 22. Kh2 Rxc1 {[%clk 0:27:03]} 23. Rxc1 Rd3
{[%clk 0:27:03]} 24. Kg1 Kd7 {[%clk 0:27:03]} 25. Kf1 Kd6 {[%clk 0:27:03]} 26.
Ke2 Rd5 {[%clk 0:27:03]} 27. Rc3 Ra5 {[%clk 0:27:03]} 28. Rxb3 Rxa4
{[%clk 0:27:03]} 29. Rxb7 Ra2 {[%clk 0:27:03]} 30. Kd3 Ne7 {[%clk 0:27:03]} 31.
e4 f6 {[%clk 0:27:03]} 32. Nd2 Ng6 {[%clk 0:27:03]} 33. Nc4+ Ke6 {[%clk 0:27:03]}
34. g3 Ra1 {[%clk 0:27:03]} 35. Rb6 Kd7 {[%clk 0:27:03]} 36. Rb7+ Ke6
{[%clk 0:27:03]} 37. b4 Rh1 {[%clk 0:27:03]} 38. Rc7 Ne7 {[%clk 0:27:03]} 39. Na5
Kd6 {[%clk 0:27:03]} 40. Rb7 Rxh3 {[%clk 0:27:03]} 41. Nc4+ Ke6 {[%clk 0:27:03]}
42. Rb6 Kd7 {[%clk 0:27:03]} 43. e5 fxe5 {[%clk 0:27:03]} 44. Nxe5+ Kc7
{[%clk 0:27:03]} 45. Ra6 Rh1 {[%clk 0:27:03]} 1/2-1/2

[Event "WCO 2016"]
[Site "?"]
[Date "2016.09.09"]
[Round "7"]
[Board "19"]
[WhiteID "7400683"]
[White "Smith Annesha"]
[BlackID "5600898"]
[Black "Farrugia Jamie"]
[Result "1-0"]
[BlackElo "1617"]
[WhiteElo "1770"]
[LiveChessVersion "1.4.8"]

1. d4 {[%clk 1:30:58]} d5 {[%clk 1:30:54]} 2. c4 {[%clk 1:31:20]} c6
{[%clk 1:31:23]} 3. Nf3 {[%clk 1:31:37]} Nf6 {[%clk 1:31:41]} 4. g3
{[%clk 1:31:59]} dxc4 {[%clk 1:28:47]} 5. Bg2 {[%clk 1:32:23]} Bf5
{[%clk 1:24:33]} 6. O-O {[%clk 1:31:53]} Nbd7 {[%clk 1:23:29]} 7. Nbd2
{[%clk 1:29:50]} e6 {[%clk 1:16:56]} 8. Nh4 {[%clk 1:23:36]} Bg6 {[%clk 1:12:21]}
9. Nxc4 {[%clk 1:17:11]} Be7 {[%clk 1:09:09]} 10. Bf4 {[%clk 1:16:10]} Nb6
{[%clk 0:58:53]} 11. Nxg6 {[%clk 1:15:23]} hxg6 {[%clk 0:59:08]} 12. Ne5
{[%clk 1:07:33]} Nfd5 {[%clk 0:56:27]} 13. Bd2 {[%clk 1:06:43]} Bd6
{[%clk 0:52:54]} 14. Nf3 {[%clk 1:05:53]} Qd7 {[%clk 0:49:13]} 15. e4
{[%clk 1:05:47]} Ne7 {[%clk 0:49:03]} 16. Qc2 {[%clk 1:04:48]} f6
{[%clk 0:44:36]} 17. a4 {[%clk 1:02:24]} O-O {[%clk 0:38:10]} 18. a5
{[%clk 0:51:57]} Nbc8 {[%clk 0:38:12]} 19. Rad1 {[%clk 0:51:10]} a6
{[%clk 0:32:29]} 20. Rfe1 {[%clk 0:48:47]} Bc7 {[%clk 0:29:55]} 21. Bc3
{[%clk 0:31:53]} Re8 {[%clk 0:25:41]} 22. Bh3 {[%clk 0:28:08]} Nd6
{[%clk 0:19:40]} 23. d5 {[%clk 0:28:14]} cxd5 {[%clk 0:19:42]} 24. exd5
{[%clk 0:28:29]} Nef5 {[%clk 0:18:13]} 25. dxe6 {[%clk 0:25:07]} Rxe6
{[%clk 0:18:08]} 26. Qb3 {[%clk 0:25:29]} Rae8 {[%clk 0:12:57]} 27. Nd4
{[%clk 0:24:56]} Nxd4 {[%clk 0:12:06]} 28. Rxd4 {[%clk 0:24:41]} f5
{[%clk 0:10:55]} 29. Bb4 {[%clk 0:18:58]} Kf8 {[%clk 0:08:57]} 30. Red1
{[%clk 0:16:41]} Rd8 {[%clk 0:09:27]} 31. Qa3 {[%clk 0:16:03]} Kf7
{[%clk 0:09:05]} 32. g4 {[%clk 0:11:17]} Kf6 {[%clk 0:07:20]} 33. Qc3
{[%clk 0:09:18]} Re5 {[%clk 0:06:34]} 34. Rd5 {[%clk 0:08:34]} Qe6
{[%clk 0:06:34]} 35. f4 {[%clk 0:08:53]} Ne4 {[%clk 0:04:22]} 36. fxe5+
{[%clk 0:07:51]} Qxe5 {[%clk 0:03:55]} 37. Qxe5+ {[%clk 0:07:38]} Bxe5
{[%clk 0:02:42]} 38. Rxd8 {[%clk 0:08:03]} Bxb2 {[%clk 0:02:04]} 39. gxf5
{[%clk 0:07:42]} gxf5 {[%clk 0:02:27]} 40. R8d7 {[%clk 0:37:32]} g6
{[%clk 0:31:14]} 41. Rxb7 {[%clk 0:37:35]} Ke5 {[%clk 0:29:45]} 42. Rbd7
{[%clk 0:36:26]} Kf4 {[%clk 0:26:02]} 43. Kf1 {[%clk 0:33:06]} g5
{[%clk 0:23:20]} 44. Bd6+ {[%clk 0:33:07]} Ke3 {[%clk 0:20:48]} 45. Bg3
{[%clk 0:32:25]} Nc5 {[%clk 0:18:35]} 46. Bf2+ {[%clk 0:32:27]} Kf4
{[%clk 0:18:30]} 47. Bxc5 {[%clk 0:32:39]} g4 {[%clk 0:18:43]} 48. Bg2
{[%clk 0:32:38]} Be5 {[%clk 0:18:20]} 49. Bd6 {[%clk 0:32:49]} 1-0

[Event "WCO 2016"]
[Site "?"]
[Date "2016.09.09"]
[Round "7"]
[Board "20"]
[WhiteID "5600723"]
[White "Klotz Jutta"]
[BlackID "7400691"]
[Black "Smith Melisha"]
[Result "1/2-1/2"]
[BlackElo "1719"]
[WhiteElo "1490"]
[LiveChessVersion "1.4.8"]

1. c4 {[%clk 1:30:55]} e6 {[%clk 1:30:53]} 2. Nc3 {[%clk 1:31:15]} Nf6
{[%clk 1:31:13]} 3. g3 {[%clk 1:31:30]} d5 {[%clk 1:31:35]} 4. cxd5
{[%clk 1:31:46]} exd5 {[%clk 1:31:54]} 5. d4 {[%clk 1:31:58]} c6 {[%clk 1:32:11]}
6. Bg2 {[%clk 1:31:51]} Bf5 {[%clk 1:31:56]} 7. Nf3 {[%clk 1:31:50]} h6
{[%clk 1:31:42]} 8. O-O {[%clk 1:32:05]} Bd6 {[%clk 1:31:42]} 9. Bd2
{[%clk 1:30:54]} O-O {[%clk 1:31:50]} 10. a3 {[%clk 1:26:34]} Re8
{[%clk 1:31:38]} 11. Re1 {[%clk 1:26:52]} Nbd7 {[%clk 1:30:06]} 12. Nh4
{[%clk 1:26:08]} Bh7 {[%clk 1:30:07]} 13. b4 {[%clk 1:23:18]} Ne4
{[%clk 1:29:06]} 14. Nxe4 {[%clk 1:22:16]} Bxe4 {[%clk 1:29:22]} 15. Nf3
{[%clk 1:18:30]} Nf6 {[%clk 1:28:39]} 16. Rc1 {[%clk 1:13:25]} Qd7
{[%clk 1:10:36]} 17. Rc3 {[%clk 0:58:07]} Bf5 {[%clk 1:06:34]} 18. Qc1
{[%clk 0:50:12]} Ne4 {[%clk 1:05:28]} 19. Rb3 {[%clk 0:46:05]} Nxd2
{[%clk 1:04:59]} 20. Qxd2 {[%clk 0:45:34]} Re7 {[%clk 1:03:09]} 21. Qb2
{[%clk 0:42:59]} Rae8 {[%clk 0:55:36]} 22. e3 {[%clk 0:42:47]} Be4
{[%clk 0:48:04]} 23. Rc1 {[%clk 0:39:39]} Qg4 {[%clk 0:40:04]} 24. Qe2
{[%clk 0:38:21]} h5 {[%clk 0:37:27]} 25. Re1 {[%clk 0:37:36]} g6 {[%clk 0:31:42]}
26. Nd2 {[%clk 0:32:33]} Qxe2 {[%clk 0:27:17]} 27. Rxe2 {[%clk 0:32:47]} Bxg2
{[%clk 0:27:40]} 28. Kxg2 {[%clk 0:33:09]} Rd7 {[%clk 0:24:09]} 29. Nf3
{[%clk 0:32:21]} Kg7 {[%clk 0:23:15]} 30. Reb2 {[%clk 0:31:50]} Ree7
{[%clk 0:19:10]} 31. a4 {[%clk 0:29:21]} Bb8 {[%clk 0:13:42]} 32. b5
{[%clk 0:29:00]} cxb5 {[%clk 0:13:42]} 33. Rxb5 {[%clk 0:27:57]} a6
{[%clk 0:12:37]} 34. R5b3 {[%clk 0:25:56]} Rc7 {[%clk 0:10:37]} 35. Ne5
{[%clk 0:22:56]} f6 {[%clk 0:10:33]} 36. Nd3 {[%clk 0:23:08]} Ba7
{[%clk 0:09:54]} 37. Nb4 {[%clk 0:21:37]} Rcd7 {[%clk 0:10:08]} 38. Nd3
{[%clk 0:21:50]} Rc7 {[%clk 0:10:12]} 39. Nb4 {[%clk 0:22:06]} Rcd7
{[%clk 0:09:44]} 40. Nd3 {[%clk 0:52:26]} 1/2-1/2

[Event "WCO 2016"]
[Site "?"]
[Date "2016.09.09"]
[Round "7"]
[Board "17"]
[WhiteID "16300840"]
[White "Cho Hung-Ling"]
[BlackID "8400148"]
[Black "Mora Oviedo Andrea Melissa"]
[Result "0-1"]
[BlackElo "1783"]
[WhiteElo "1515"]
[LiveChessVersion "1.4.8"]

1. e4 {[%clk 1:30:27]} c5 {[%clk 1:30:52]} 2. Nf3 {[%clk 1:30:53]} Nc6
{[%clk 1:31:15]} 3. d4 {[%clk 1:31:20]} cxd4 {[%clk 1:31:31]} 4. Nxd4
{[%clk 1:31:45]} Nf6 {[%clk 1:31:35]} 5. Nc3 {[%clk 1:31:58]} d6 {[%clk 1:31:23]}
6. Bc4 {[%clk 1:30:58]} g6 {[%clk 1:30:24]} 7. f3 {[%clk 1:30:59]} Bg7
{[%clk 1:27:54]} 8. Be3 {[%clk 1:30:41]} Bd7 {[%clk 1:20:20]} 9. Qd2
{[%clk 1:26:33]} a6 {[%clk 1:14:24]} 10. g4 {[%clk 1:24:16]} h6 {[%clk 0:58:55]}
11. h4 {[%clk 1:12:08]} Qa5 {[%clk 0:48:21]} 12. Nb3 {[%clk 0:56:46]} Qc7
{[%clk 0:43:29]} 13. O-O-O {[%clk 0:55:09]} b5 {[%clk 0:38:17]} 14. Bd5
{[%clk 0:49:22]} b4 {[%clk 0:32:33]} 15. Ne2 {[%clk 0:41:28]} Rc8
{[%clk 0:28:41]} 16. Bxc6 {[%clk 0:37:51]} Bxc6 {[%clk 0:26:48]} 17. Ned4
{[%clk 0:23:00]} Bb7 {[%clk 0:17:22]} 18. Kb1 {[%clk 0:20:43]} e5
{[%clk 0:14:49]} 19. Ne2 {[%clk 0:20:55]} Nxe4 {[%clk 0:14:05]} 20. Qd3
{[%clk 0:15:26]} Nf6 {[%clk 0:10:12]} 21. Ng3 {[%clk 0:12:02]} Bxf3
{[%clk 0:10:09]} 22. g5 {[%clk 0:10:41]} Bxd1 {[%clk 0:09:21]} 23. Rxd1
{[%clk 0:11:10]} hxg5 {[%clk 0:09:15]} 24. Bxg5 {[%clk 0:11:04]} Nh7
{[%clk 0:07:53]} 25. Qxd6 {[%clk 0:10:05]} Nxg5 {[%clk 0:05:51]} 26. Qxc7
{[%clk 0:10:03]} Rxc7 {[%clk 0:06:12]} 27. hxg5 {[%clk 0:10:21]} Rh2
{[%clk 0:06:11]} 28. Rc1 {[%clk 0:09:40]} f5 {[%clk 0:06:02]} 29. gxf6
{[%clk 0:09:58]} Bxf6 {[%clk 0:06:10]} 30. Ne4 {[%clk 0:10:19]} Bg7
{[%clk 0:06:03]} 31. Nbc5 {[%clk 0:10:16]} Rc6 {[%clk 0:05:29]} 32. Nb7
{[%clk 0:08:47]} Bh6 {[%clk 0:04:49]} 33. Nbd6+ {[%clk 0:08:31]} Ke7
{[%clk 0:04:03]} 34. Rf1 {[%clk 0:06:05]} Rxd6 {[%clk 0:03:53]} 35. Nxd6
{[%clk 0:06:04]} Kxd6 {[%clk 0:04:15]} 36. b3 {[%clk 0:04:26]} Bd2
{[%clk 0:03:55]} 37. Rd1 {[%clk 0:03:30]} e4 {[%clk 0:04:08]} 38. a3
{[%clk 0:02:59]} bxa3 {[%clk 0:04:09]} 39. Ka2 {[%clk 0:02:08]} Kc5
{[%clk 0:04:01]} 0-1

[Event "WCO 2016"]
[Site "?"]
[Date "2016.09.09"]
[Round "7"]
[Board "18"]
[WhiteID "8401489"]
[White "McDowell Sharon"]
[BlackID "16300653"]
[Black "Shih Ching-An"]
[Result "0-1"]
[BlackElo "1460"]
[WhiteElo "1685"]
[LiveChessVersion "1.4.8"]

1. d4 {[%clk 1:30:50]} Nf6 {[%clk 1:30:44]} 2. Nf3 {[%clk 1:31:11]} e6
{[%clk 1:31:05]} 3. Bf4 {[%clk 1:31:24]} d5 {[%clk 1:30:48]} 4. a3
{[%clk 1:31:12]} Nbd7 {[%clk 1:30:56]} 5. e3 {[%clk 1:31:16]} c5 {[%clk 1:30:11]}
6. c4 {[%clk 1:31:27]} Qb6 {[%clk 1:30:12]} 7. Qc2 {[%clk 1:21:03]} cxd4
{[%clk 1:20:39]} 8. exd4 {[%clk 1:19:37]} dxc4 {[%clk 1:20:47]} 9. Bxc4
{[%clk 1:19:11]} Qc6 {[%clk 1:20:17]} 10. Nbd2 {[%clk 1:16:09]} Be7
{[%clk 1:16:45]} 11. O-O {[%clk 1:16:07]} O-O {[%clk 1:17:09]} 12. Rac1
{[%clk 1:15:23]} b6 {[%clk 1:14:26]} 13. Qd3 {[%clk 1:15:14]} Qb7
{[%clk 1:12:26]} 14. Bb5 {[%clk 1:01:47]} Nd5 {[%clk 1:12:20]} 15. Bg3
{[%clk 1:01:25]} N7f6 {[%clk 1:12:27]} 16. Rfe1 {[%clk 0:55:02]} a5
{[%clk 1:06:12]} 17. Ne5 {[%clk 0:43:24]} Qa7 {[%clk 1:05:42]} 18. Nc6
{[%clk 0:30:15]} Qb7 {[%clk 1:05:55]} 19. Nxe7+ {[%clk 0:30:22]} Qxe7
{[%clk 1:06:12]} 20. Nc4 {[%clk 0:30:41]} Qa7 {[%clk 1:05:32]} 21. Ne5
{[%clk 0:22:16]} Ba6 {[%clk 1:03:33]} 22. Nc6 {[%clk 0:18:06]} Bxb5
{[%clk 1:02:56]} 23. Qxb5 Qb7 {[%clk 1:03:05]} 24. f4 {[%clk 0:18:36]} Qd7
{[%clk 1:00:45]} 25. h3 {[%clk 0:17:25]} Rac8 {[%clk 0:58:58]} 26. Kf2
{[%clk 0:09:01]} Kh8 {[%clk 0:59:07]} 27. Kf3 {[%clk 0:08:54]} Ne7
{[%clk 0:57:51]} 28. Na7 {[%clk 0:01:40]} Qxa7 {[%clk 0:58:12]} 29. Bh4
{[%clk 0:01:21]} Qb7+ {[%clk 0:57:46]} 30. Ke2 {[%clk 0:00:40]} Qe4+
{[%clk 0:57:57]} 31. Kf1 {[%clk 0:01:05]} Qxf4+ {[%clk 0:57:18]} 32. Bf2
{[%clk 0:01:27]} Rxc1 {[%clk 0:57:43]} 0-1

[Event "WCO 2016"]
[Site "?"]
[Date "2016.09.09"]
[Round "7"]
[Board "21"]
[WhiteID "8601844"]
[White "Wang Chengjia"]
[BlackID "31000410"]
[Black "Szekely Olga"]
[Result "1-0"]
[BlackElo "1754"]
[WhiteElo "2017"]
[LiveChessVersion "1.4.8"]

1. e4 {[%clk 1:30:55]} d6 {[%clk 1:30:51]} 2. d4 {[%clk 1:31:19]} Nf6
{[%clk 1:31:13]} 3. Nc3 {[%clk 1:30:24]} g6 {[%clk 1:31:33]} 4. Bd3
{[%clk 1:28:49]} Bg7 {[%clk 1:31:50]} 5. Nge2 {[%clk 1:29:05]} O-O
{[%clk 1:31:55]} 6. h3 {[%clk 1:28:47]} Nc6 {[%clk 1:29:51]} 7. a3
{[%clk 1:28:24]} e5 {[%clk 1:29:04]} 8. d5 {[%clk 1:22:42]} Ne7 {[%clk 1:29:19]}
9. Na4 {[%clk 1:17:03]} Nd7 {[%clk 1:24:47]} 10. Be3 {[%clk 1:10:27]} f5
{[%clk 1:24:23]} 11. f3 {[%clk 1:03:44]} f4 {[%clk 1:24:37]} 12. Bf2
{[%clk 1:03:59]} c6 {[%clk 1:18:50]} 13. dxc6 {[%clk 1:00:23]} Qa5+
{[%clk 1:16:32]} 14. Nac3 {[%clk 0:53:17]} bxc6 {[%clk 1:11:19]} 15. Bc4+
{[%clk 0:53:25]} Kh8 {[%clk 1:04:34]} 16. Qxd6 {[%clk 0:53:15]} Bf6
{[%clk 1:01:52]} 17. O-O Qd8 {[%clk 0:57:05]} 18. Rfd1 {[%clk 0:46:46]} Qe8
{[%clk 0:56:46]} 19. Na4 {[%clk 0:43:33]} g5 {[%clk 0:45:55]} 20. Be6
{[%clk 0:36:29]} Nb6 {[%clk 0:45:48]} 21. Nxb6 {[%clk 0:36:29]} Bxe6
{[%clk 0:38:47]} 22. Nxa8 {[%clk 0:33:03]} Bc8 {[%clk 0:35:04]} 23. Nc7
{[%clk 0:24:36]} Qf7 {[%clk 0:35:14]} 24. Nc1 {[%clk 0:21:46]} h5
{[%clk 0:32:53]} 25. Nd3 {[%clk 0:15:54]} Ng6 {[%clk 0:32:34]} 26. Nc5
{[%clk 0:13:08]} Rd8 {[%clk 0:28:29]} 27. Qxc6 {[%clk 0:13:22]} Rxd1+
{[%clk 0:25:39]} 28. Rxd1 {[%clk 0:13:47]} g4 {[%clk 0:25:29]} 29. Rd6
{[%clk 0:12:10]} 1-0

[Event "WCO 2016"]
[Site "?"]
[Date "2016.09.09"]
[Round "7"]
[Board "21"]
[WhiteID "10000313"]
[White "Kigeni Grace"]
[BlackID "6002293"]
[Black "Lu Rachel"]
[Result "0-1"]
[BlackElo "1671"]
[WhiteElo "1632"]
[LiveChessVersion "1.4.8"]

1. Nf3 {[%clk 1:30:54]} Nf6 {[%clk 1:30:52]} 2. d4 {[%clk 1:31:13]} g6
{[%clk 1:31:10]} 3. Bg5 {[%clk 1:30:47]} Bg7 {[%clk 1:31:20]} 4. Nbd2
{[%clk 1:31:00]} d5 {[%clk 1:30:16]} 5. e3 {[%clk 1:30:54]} O-O {[%clk 1:30:25]}
6. Bd3 {[%clk 1:31:07]} Nbd7 {[%clk 1:29:23]} 7. O-O {[%clk 1:30:16]} c5
{[%clk 1:28:23]} 8. c3 {[%clk 1:30:34]} Qb6 {[%clk 1:27:26]} 9. Qc2
{[%clk 1:29:52]} Re8 {[%clk 1:20:37]} 10. Rad1 {[%clk 1:23:46]} e5
{[%clk 1:16:37]} 11. dxe5 {[%clk 1:23:55]} Nxe5 {[%clk 1:15:13]} 12. Nxe5
{[%clk 1:24:06]} Rxe5 {[%clk 1:15:38]} 13. Nf3 {[%clk 1:23:32]} Re8
{[%clk 1:15:18]} 14. h3 {[%clk 1:10:59]} Be6 {[%clk 1:04:50]} 15. Bf4
{[%clk 1:04:16]} Rad8 {[%clk 1:00:22]} 16. Ng5 {[%clk 0:55:34]} Bd7
{[%clk 0:54:11]} 17. c4 {[%clk 0:44:38]} Bc6 {[%clk 0:48:43]} 18. b3
{[%clk 0:39:04]} Nh5 {[%clk 0:39:23]} 19. Bh2 {[%clk 0:26:48]} Bf6
{[%clk 0:35:47]} 20. cxd5 {[%clk 0:23:00]} Bxd5 {[%clk 0:25:31]} 21. Ne4
{[%clk 0:22:46]} Qc6 {[%clk 0:24:56]} 22. f3 {[%clk 0:10:44]} b6 {[%clk 0:14:47]}
23. Nxf6+ {[%clk 0:09:55]} Qxf6 {[%clk 0:13:44]} 24. e4 {[%clk 0:09:37]} Bb7
{[%clk 0:12:44]} 25. Bc4 {[%clk 0:07:57]} Rxd1 {[%clk 0:09:56]} 26. Rxd1
{[%clk 0:08:17]} Rd8 {[%clk 0:09:58]} 27. Bd5 {[%clk 0:04:38]} Ba6
{[%clk 0:05:56]} 28. Qd2 {[%clk 0:04:11]} Kh8 {[%clk 0:05:01]} 29. e5
{[%clk 0:02:58]} Qe7 {[%clk 0:04:22]} 30. Qc3 {[%clk 0:02:35]} Ng7
{[%clk 0:04:14]} 31. f4 {[%clk 0:02:13]} Bb7 {[%clk 0:03:41]} 32. Bf3
{[%clk 0:02:21]} Rxd1+ {[%clk 0:03:33]} 33. Bxd1 {[%clk 0:02:36]} Qd8
{[%clk 0:03:18]} 34. Qc2 {[%clk 0:02:20]} Qd4+ {[%clk 0:02:50]} 35. Kf1
{[%clk 0:01:20]} Nf5 {[%clk 0:02:51]} 36. Bg1 {[%clk 0:00:50]} Ng3+
{[%clk 0:03:03]} 37. Ke1 {[%clk 0:01:07]} Qxg1+ {[%clk 0:03:28]} 38. Kd2
{[%clk 0:01:32]} Qxg2+ {[%clk 0:03:40]} 39. Kc1 {[%clk 0:01:43]} Qxc2+
{[%clk 0:03:55]} 40. Bxc2 {[%clk 0:31:37]} Ne2+ {[%clk 0:33:59]} 41. Kd2
{[%clk 0:26:00]} Nxf4 {[%clk 0:34:08]} 0-1